000 00403nam a2200157Ia 4500
008 210716s2010 xx 000 0 und d
020 _a9788131725153
041 _aeng
082 _a658 HITM
100 _aHitt, Michael A; Black, J Stewart; Porter, Lyman W.
245 _aManagement.
250 _a2
260 _aNew Delhi
_bPearson Education
_c2010
300 _axviii,533
650 _aMANAGEMENT
999 _c205598
_d205598